| Tag |
First Indicator |
Second Indicator |
Subfields |
| LEADER |
00000cam a2200000 4500 |
| 001 |
in00000021685 |
| 005 |
20151007063707.0 |
| 008 |
720511s1951 nyu 00000 eng u |
| 010 |
|
|
|a 51004805
|
| 035 |
|
|
|a (OCoLC)00306236
|
| 035 |
|
|
|9 AAD8018AM
|
| 040 |
|
|
|c WSU
|d TXA
|d UtOrBLW
|
| 041 |
1 |
|
|a eng
|a nor
|
| 049 |
|
|
|a TXAM
|c [201652]
|
| 050 |
|
0 |
|a PT8876
|b .A334
|
| 092 |
|
|
|a 839.8226
|b I14p
|
| 100 |
1 |
|
|a Ibsen, Henrik,
|d 1828-1906.
|
| 245 |
1 |
0 |
|a Peer Gynt /
|c American version by Paul Green.
|
| 264 |
|
1 |
|a New York :
|b French,
|c [1951]
|
| 300 |
|
|
|a 167 pages :
|b frontispiece ;
|c 20 cm.
|
| 336 |
|
|
|a text
|b txt
|2 rdacontent
|
| 337 |
|
|
|a unmediated
|b n
|2 rdamedia
|
| 338 |
|
|
|a volume
|b nc
|2 rdacarrier
|
| 500 |
|
|
|a Music: pages 161-167.
|
| 700 |
1 |
|
|a Green, Paul,
|d 1894-1981.
|
| 999 |
|
|
|a MARS
|
| 999 |
f |
f |
|s d82caf83-38fe-39c7-8379-dca0fafeb9fd
|i 6de0a8fe-a2d2-3046-b1ad-d4fbc7ec5ad9
|t 0
|
| 952 |
f |
f |
|p normal
|a Texas A&M University
|b College Station
|c Sterling C. Evans Library
|d Evans: Library Stacks
|t 0
|e PT8876 .A334
|h Library of Congress classification
|i unmediated -- volume
|m A14801361286
|
| 998 |
f |
f |
|a PT8876 .A334
|t 0
|l Evans: Library Stacks
|